| 000 | 00378 a2200157 4500 | ||
|---|---|---|---|
| 003 | OSt | ||
| 005 | 20180116182755.0 | ||
| 008 | 160428b xxu||||| |||| 00| 0 eng d | ||
| 020 | _a9781591398394 | ||
| 040 | _c0 | ||
| 100 | _aJeanne W. Ross | ||
| 245 | _aEnterprise architecture as strategy | ||
| 260 |
_aBoston _c2006 |
||
| 300 | _a234 | ||
| 942 |
_aNBS _cBK _k658.4038 ROS _2ddc |
||
| 999 |
_c345778 _d345778 |
||